| 000 | 00000nam 2200000zi 4500 |
| 001 | 9.941099 |
| 003 | CaOODSP |
| 005 | 20240726092733 |
| 006 | m o d f |
| 007 | cr mn||||||||| |
| 008 | 240726e198805 onc o f000 0 fre d |
| 040 | |aCaOODSP|bfre|erda|cCaOODSP |
| 043 | |an-cn--- |
| 086 | 1 |aC23-278/1984F-PDF |
| 245 | 04|aLes exportations : |bfeuille de route / |crédigé par l'Association canadienne d'exportation en collaboration avec le Ministère de l'Expansion industrielle régionale et le Ministère des affaires extérieures. |
| 264 | 1|a[Ottawa] : |bExpansion industrielle régionale = Regional Industrial Expansion, |cmai 1988. |
| 300 | |a1 ressource en ligne (20 pages) |
| 336 | |atexte|btxt|2rdacontent/fre |
| 337 | |ainformatique|bc|2rdamedia/fre |
| 338 | |aressource en ligne|bcr|2rdacarrier/fre |
| 500 | |aÉdition numérisée de l'imprimé [par Innovation, sciences et développement économique Canada]. |
| 500 | |aPublié aussi en anglais sous le titre : Export roadmap. |
| 650 | 6|aCommerce international|xPromotion|zCanada. |
| 651 | 6|aCanada|xCommerce. |
| 710 | 1 |aCanada. |bMinistère de l'expansion industrielle régionale, |eorganisme de publication. |
| 710 | 2 |aAssociation canadienne d'exportation, |eorganisme de publication. |
| 710 | 1 |aCanada. |bMinistère des affaires extérieures, |eorganisme de publication. |
| 775 | 08|tExport roadmap / |w(CaOODSP)9.899375 |
| 856 | 40|qPDF|s561 Ko|uhttps://publications.gc.ca/collections/collection_2024/isde-ised/c23/C23-278-1984-fra.pdf |